Normal view
MARC view
Entry Nombre personal
001 - NÚMERO DE CONTROL
- campo de control: 73627
003 - IDENTIFICADOR DE NÚMERO DE CONTROL
- campo de control: OSt
005 - FECHA Y HORA DE LA ÚLTIMA TRANSACCIÓN
- campo de control: 20240418135234.0
008 - ELEMENTOS DE DATO DE LONGITUD-FIJA
- campo de control de longitud fija: 931214 n acnnnaaan n ann d
024 7# - IDENTIFICADOR DE OTROS ESTÁNDARES
- Fuente: http://viaf.org/viaf/17217793
- Número estándar o código: VIAF, 18-4-2024
040 ## - FUENTE DE CATALOGACIÓN
- Centro catalogador/agencia de origen: OSt
- Centro/agencia transcriptor: OSt
100 00 - ENCABEZAMIENTO-NOMBRE DE PERSONA
- Nombre de persona: López Estrada, Francisco,
- Fechas asociadas al nombre: 1918-2010
400 00 - TRAZADO DE VÉASE--NOMBRE DE PERSONA
- Nombre de persona: López Estrada, F.
